00352nam a2200133Ia 45000030006000000080041000060400015000471000020000622450052000822600049001343000006001835460012001890050017002010STCL150530s9999 xx 000 0 und d aSTCLcSTCL aPadmanabhan, T. aTheoretical Astrophysics: Astrophysical process bUniversity press; Cambridgec2000aCambridge a0 aEnglish20220125170224.0